[Event "BCF-chT2 0001 (4NCL)"]
[Site "Birmingham"]
[Date "2000.11.26"]
[Round "4.6"]
[White "De Coverly, Roger D"]
[Black "Klein, Bernhard M"]
[Result "1-0"]
[WhiteElo "2093"]
[BlackElo "2108"]
[PlyCount "135"]
[EventDate "2000.11.26"]
[EventType "team"]
[EventRounds "11"]
[EventCountry "ENG"]
[SourceTitle "CBM 079 Extra"]
[Source "ChessBase"]
[SourceDate "2001.01.11"]
[SourceVersion "2"]
[SourceVersionDate "2001.01.25"]
[SourceQuality "1"]
[WhiteTeam "Slough II"]
[BlackTeam "PER"]
[WhiteTeamCountry "ENG"]
[BlackTeamCountry "ENG"]

1. e4 e5 2. Nf3 Nc6 3. Bb5 a6 4. Ba4 Nf6 5. 0-0 Be7 6. Re1 b5 7. Bb3 d6 8. c3 0-0 9. d4 Bg4 10. d5 Nb8 11. h3 Bh5 12. Nbd2 Ne8 13. Nf1 Bxf3 14. Qxf3 g6 15. Bh6 Ng7 16. a4 Nd7 17. axb5 axb5 18. Qe2 Re8 19. Rxa8 Qxa8 20. Qxb5 Nc5 21. Bd1 Rb8 22. Qe2 Qa1 23. b4 Nd7 24. Qc4 Bd8 25. Bd2 Nf6 26. Bc2 Qb2 27. Qb3 Qxb3 28. Bxb3 Ra8 29. f3 Nfh5 30. g3 Ne8 31. c4 Be7 32. Kg2 Nef6 33. Bc3 Ra3 34. Nd2 Nd7 35. Ra1 Rxa1 36. Bxa1 Bg5 37. Bc3 Be3 38. Ba4 Nhf6 39. Nb3 Kf8 40. Na5 Nb6 41. Bb5 Nfd7 42. Nc6 f6 43. Nd8 Ke7 44. Ne6 c5 45. dxc6 Kxe6 46. cxd7 Nxd7 47. Kf1 Nb6 48. Ke2 Bg1 49. Be1 f5 50. Bf2 Bxf2 51. Kxf2 f4 52. g4 g5 53. Ke2 Na8 54. Kd3 Ke7 55. Bc6 Nc7 56. Bd5 Na6 57. Kc3 Kd7 58. b5 Nc5 59. b6 Na4+ 60. Kb4 Nxb6 61. Bg8 h6 62. Kb5 Na8 63. Bd5 Nc7+ 64. Kb6 Kd8 65. Kc6 Ne8 66. Bf7 Nf6 67. Kxd6 h5 68. gxh5 1-0

[Event "Smith & Williamson YM-B 10th"]
[Site "Witley"]
[Date "2000.07.22"]
[Round "11"]
[White "Bigg, Andrew J"]
[Black "Klein, Bernhard M"]
[Result "1/2-1/2"]
[WhiteElo "2137"]
[BlackElo "2069"]
[PlyCount "29"]
[EventDate "2000.07.17"]
[EventType "swiss"]
[EventRounds "11"]
[EventCountry "ENG"]
[SourceTitle "EXT 2001"]
[Source "ChessBase"]
[SourceDate "2000.11.22"]
[SourceVersion "1"]
[SourceVersionDate "2000.11.22"]
[SourceQuality "1"]

1. d4 Nf6 2. Nf3 e6 3. c4 b6 4. Nc3 Bb4 5. Bg5 Bb7 6. e3 d6 7. Qb3 Bxc3+ 8. Qxc3 Nbd7 9. Bd3 h6 10. Bh4 c5 11. Rd1 Qc7 12. Bb1 0-0 13. Bg3 Rad8 14. 0-0 Qc6 15. Rd2 1/2-1/2

[Event "Smith & Williamson YM-B 10th"]
[Site "Witley"]
[Date "2000.07.21"]
[Round "10"]
[White "Klein, Bernhard M"]
[Black "Kieran, Rosalind"]
[Result "1-0"]
[WhiteElo "2069"]
[BlackElo "2106"]
[PlyCount "77"]
[EventDate "2000.07.17"]
[EventType "swiss"]
[EventRounds "11"]
[EventCountry "ENG"]
[SourceTitle "EXT 2001"]
[Source "ChessBase"]
[SourceDate "2000.11.22"]
[SourceVersion "1"]
[SourceVersionDate "2000.11.22"]
[SourceQuality "1"]

1. d4 Nf6 2. c4 e6 3. Nc3 Bb4 4. Qc2 d5 5. a3 Bxc3+ 6. Qxc3 dxc4 7. Qxc4 b6 8. Bf4 Nd5 9. Bg3 Ba6 10. Qa4+ Qd7 11. Qxd7+ Nxd7 12. e4 Bxf1 13. Kxf1 N5f6 14. f3 c5 15. Ne2 0-0 16. Kf2 cxd4 17. Nxd4 Nc5 18. b4 Na4 19. Rhc1 Rfd8 20. Ke3 Rd7 21. Rc2 Rad8 22. Nc6 Rd3+ 23. Ke2 R8d7 24. Ne5 Rc3 25. Rac1 Rdc7 26. Rxc3 Rxc3 27. Rxc3 Nxc3+ 28. Kd3 Nb5 29. a4 Nd6 30. Nc6 Nc8 31. Kc4 Kf8 32. Kb5 Ke8 33. Ka6 Kd7 34. Nxa7 Nxa7 35. Kxa7 Kc6 36. b5+ Kc5 37. Bf2+ Kb4 38. Kxb6 Kxa4 39. Kc6 1-0

[Event "Smith & Williamson YM-B 10th"]
[Site "Witley"]
[Date "2000.07.21"]
[Round "9"]
[White "Moen, Andreas"]
[Black "Klein, Bernhard M"]
[Result "1-0"]
[WhiteElo "2168"]
[BlackElo "2069"]
[PlyCount "79"]
[EventDate "2000.07.17"]
[EventType "swiss"]
[EventRounds "11"]
[EventCountry "ENG"]
[SourceTitle "EXT 2001"]
[Source "ChessBase"]
[SourceDate "2000.11.22"]
[SourceVersion "1"]
[SourceVersionDate "2000.11.22"]
[SourceQuality "1"]

1. d4 Nf6 2. c4 e6 3. Nc3 Bb4 4. c5 Nd5 5. Qb3 f5 6. g3 Nc6 7. e3 Rb8 8. Bg2 Bxc3+ 9. bxc3 Nde7 10. Rb1 b6 11. Qa4 Bb7 12. Ba3 Ba8 13. cxb6 Rxb6 14. Rxb6 axb6 15. Nf3 0-0 16. 0-0 d6 17. c4 Ng6 18. d5 exd5 19. cxd5 Nce7 20. Nd4 Bxd5 21. Bxd5+ Nxd5 22. Qb3 Qa8 23. Ne6 Rf7 24. Rd1 Nge7 25. f3 h6 26. e4 fxe4 27. fxe4 Nf6 28. e5 Ng4 29. Nxc7 Qe4 30. Qd3 Qxd3 31. Rxd3 dxe5 32. h3 Nf6 33. Rd8+ Kh7 34. Ne6 Kg6 35. g4 Ne4 36. Rd7 Kf6 37. Nd8 Nc5 38. Bxc5 bxc5 39. Nxf7 Kxf7 40. Rc7 1-0

[Event "Smith & Williamson YM-B 10th"]
[Site "Witley"]
[Date "2000.07.20"]
[Round "7"]
[White "Anguelov, Iva"]
[Black "Klein, Bernhard M"]
[Result "0-1"]
[WhiteElo "2084"]
[BlackElo "2069"]
[PlyCount "64"]
[EventDate "2000.07.17"]
[EventType "swiss"]
[EventRounds "11"]
[EventCountry "ENG"]
[SourceTitle "EXT 2001"]
[Source "ChessBase"]
[SourceDate "2000.11.22"]
[SourceVersion "1"]
[SourceVersionDate "2000.11.22"]
[SourceQuality "1"]

1. e4 e5 2. Nf3 Nc6 3. Bc4 Bc5 4. 0-0 Nf6 5. Re1 d6 6. h3 0-0 7. d3 Be6 8. Bb3 Qd7 9. Be3 Bb6 10. Nbd2 Ne8 11. Nh4 g6 12. Qe2 Nd4 13. Bxd4 Bxd4 14. c3 Bb6 15. Kh2 a6 16. g4 Ng7 17. Rad1 Qe7 18. Ng2 f5 19. exf5 gxf5 20. gxf5 Rxf5 21. f4 Rh5 22. Qg4 d5 23. Qxh5 Nxh5 24. Rxe5 Qf7 25. Rde1 Nxf4 26. Rf1 Qg7 27. Nxf4 Qxe5 28. d4 Qd6 29. Kh1 Kh8 30. Nd3 Bxh3 31. Rf3 Qh6 32. Kg1 Rg8+ 0-1

[Event "Smith & Williamson YM-B 10th"]
[Site "Witley"]
[Date "2000.07.17"]
[Round "2"]
[White "Klein, Bernhard M"]
[Black "Taylor, Robert Marc"]
[Result "1-0"]
[WhiteElo "2069"]
[BlackElo "2119"]
[PlyCount "58"]
[EventDate "2000.07.17"]
[EventType "swiss"]
[EventRounds "11"]
[EventCountry "ENG"]
[SourceTitle "EXT 2001"]
[Source "ChessBase"]
[SourceDate "2000.11.22"]
[SourceVersion "1"]
[SourceVersionDate "2000.11.22"]
[SourceQuality "1"]

1. d4 Nf6 2. c4 g6 3. Nc3 Bg7 4. e4 d6 5. f3 0-0 6. Be3 Nc6 7. Nge2 Rb8 8. g4 e5 9. d5 Nd4 10. Nxd4 exd4 11. Bxd4 c5 12. dxc6 bxc6 13. g5 Nh5 14. Bxg7 Kxg7 15. Qd2 Qb6 16. 0-0-0 Kg8 17. h4 Be6 18. Rh2 Ng3 19. b3 Nxf1 20. Rxf1 Qa5 21. h5 Rb4 22. Rfh1 Bxc4 23. hxg6 fxg6 24. Rxh7 Qe5 25. f4 Qc5 26. Qh2 Qe3+ 27. Kb2 Rxf4 28. Rh8+ Kf7 29. Qh7+ Ke6 1-0

[Event "BCF-chT2 9900 (4NCL)"]
[Site "Birmingham"]
[Date "1999.10.10"]
[Round "2.8"]
[White "Blackburn, Suzie G"]
[Black "Klein, Bernhard M"]
[Result "0-1"]
[WhiteElo "1492"]
[BlackElo "1880"]
[PlyCount "88"]
[EventDate "1999.10.??"]
[EventType "team"]
[EventRounds "11"]
[EventCountry "ENG"]
[SourceTitle "EXT 2001"]
[Source "ChessBase"]
[SourceDate "2000.11.22"]
[SourceVersion "1"]
[SourceVersionDate "2000.11.22"]
[SourceQuality "1"]
[WhiteTeam "Gwent Dragons"]
[BlackTeam "Perceptron Youth"]
[WhiteTeamCountry "ENG"]
[BlackTeamCountry "ENG"]

1. d4 Nf6 2. Nf3 e6 3. Bg5 Be7 4. e3 b6 5. Bd3 Bb7 6. Nbd2 d5 7. Ne5 a6 8. 0-0 Ne4 9. Bxe7 Qxe7 10. Bxe4 dxe4 11. Qg4 g6 12. Qf4 g5 13. Qg4 h5 14. Qe2 g4 15. Nec4 Nd7 16. Rfb1 Nf6 17. b4 Nd5 18. Rb2 f5 19. Ne5 Qg5 20. Nf1 h4 21. c4 Nf6 22. a4 Nd7 23. Nxd7 Kxd7 24. c5 Qe7 25. Rc1 Bd5 26. Qc2 b5 27. a5 c6 28. Qe2 Rag8 29. Nd2 Qg5 30. Nb1 Rh6 31. Na3 Rf6 32. g3 Rh6 33. Qf1 hxg3 34. hxg3 Rgh8 35. Qg2 Qh5 36. Kf1 Qh1+ 37. Qxh1 Rxh1+ 38. Ke2 Rxc1 39. Rb1 Rhh1 40. Rxc1 Rxc1 41. Kd2 Rf1 42. Ke2 Ra1 43. Nc2 Ra2 44. Kd1 Bb3 0-1